Rivers of Europe - Map Quiz - Statistics

General Stats
  • This quiz has been taken 560 times
  • The average score is 18 of 34
Answers on the Map
Answers color-coded by a green-red scale on the quiz's map according to % correct below.
 
Answer Stats
Answer % Correct
Danube
85%
Thames
81%
Rhine
78%
Seine
76%
Loire
73%
Po
72%
Volga
71%
Tiber
69%
Rhone
68%
Elbe
66%
Dnipro
65%
Ural
64%
Oder
61%
Vistula
60%
Shannon
59%
Don
58%
Main
58%
Ebro
57%
Dniester
55%
Tagus
52%
Meuse
49%
Glomma
42%
Daugava
41%
Neva
39%
Sava
38%
Tisza
32%
Kuban
31%
Northern Dvina
31%
Maritsa
25%
Pechora
25%
Kama
21%
Morava
20%
Tornio
20%
Drin
19%
No matching quizzes found
Score Distribution
Percent of People with Each Score
Percentile by Number Answered
Your Score History
You have not taken this quiz